01921nam a2200157 a 4500008004100000020001800041041000800059100003000067245009400097250001200191260003100203300002400234500012600258505136400384655001501748180918s2015 ag ||||g||||| 00| 1|spa d a9789876992657 aspa1 aBarcos de Surghi, Susana. aCorredores de la memoria.bDel Campo de la Ribera a los juicios /cSusana Barco de Surghi a1a ed.  aCórdoba:bEDUVIM;c2015. a152 p.c155x220 mm. aBarco de Surghi, S. (2015). Corredores de la memoria. Del Campo de la Ribera a los juicios. (1a ed.). Córdoba : EDUVIM. aEn este libro, de una manera intimista y sin una secuencia lineal, la autora recorre sus días como presa política en el Campo de la Ribera y en la UP1 de Córdoba, narrando episodios vividos junto a sus compañeras de cautiverio; entretejidos con reflexiones no exentas de humor e ironía, en los que se destacan la solidaridad y la creatividad como elementos esenciales para resistir y no enloquecer. Según Laura Devetach, autora del prólogo que acompaña a la presente edición, "A través de la escritura se va dando cuenta de la construcción, con migajas, de la vida cotidiana como un conjunto de pequeños actos poéticos". La memoria registra las experiencias mediante un lenguaje que linda lo literario para acercar a los lectores a una historia, en realidad, carente de poesía, saturada de violencia, desolación y desarraigo, no simbólicos, sino atravesando las esferas de lo corporal, lo psíquico y lo espiritual. "Es que la palabra es un atributo humano, entonces, ¿cómo volver palabra lo inhumano", reflexiona Barco. La obra culmina con la declaración de la autora en la Megacausa La Perla, testimonio público de lo vivido durante el oscurantismo de aquellos años, memoria que se torna, en ese hecho, responsabilidad social, pues posibilita la justicia, indispensable en el camino hacia una sociedad igualitaria.  aLiteratura